Základy práva informačných technológií

Gespeichert in:
Bibliographische Detailangaben
1. Verfasser: Maisner, Martin
Format: Buch
Sprache:Slowakisch
Veröffentlicht: Bratislava Iura Edition 2013
Schriftenreihe:Právna monografia
Schlagworte:
Tags: Tag hinzufügen
Keine Tags, Fügen Sie das erste Tag hinzu!

MARC

LEADER 00000nam a2200000 4500
001 0224975
005 20240314113744.6
020 |a 978-80-8078-594-9 
041 0 |a slo 
044 |a SK 
245 1 0 |a Základy práva informačných technológií  |c Martin Maisner a kolektív 
264 1 |a Bratislava  |b Iura Edition  |c 2013 
300 |a 317 s. 
490 1 |a Právna monografia 
830 0 |a Právna monografia 
610 2 0 |a právo 
610 2 0 |a technológie informačné 
610 2 0 |a vlastníctvo duševné 
610 2 0 |a právo autorské 
610 2 0 |a právo medzinárodné 
610 2 0 |a zmluvy licenčné 
610 2 0 |a právo patentové 
610 2 0 |a programy počítačové 
610 2 0 |a ochrana autorstva 
610 2 0 |a ochrana právna 
610 2 0 |a internet 
610 2 0 |a ochrana informácií 
610 2 0 |a ochrana dát 
610 2 0 |a obchod elektronický 
610 2 0 |a outsourcing 
610 2 0 |a bezpečnosť elektronická 
610 2 0 |a kriminalita počítačová 
100 1 |a Maisner, Martin